000 00559nam a2200181Ia 4500
008 240729s9999 xx 000 0 und d
022 _a2631-5548
245 0 _aInternational Marine Energy Journal
260 _aUnited Kingdom
260 _bEuropean Wave and Tidal Energy Conference
650 _a Mechanical engineering and machinery
650 _a Ocean engineering | Technology
650 _a Renewable energy sources
650 _aTechnology
856 _uhttps://doaj.org/toc/f7dfdb4fb48e4bae9981f10b4e8ed7fe
942 _2ddc
942 _cDOAJEJ
999 _c66401
_d66401
945 _a1
_bMadushi Gamage
_c1
_dMadushi Gamage